000 00966nam a2200277Ia 4500
003 OSt
005 20220923211223.0
006 a|||||r|||| 00| 0
007 ta
008 220922b |||||||| |||| 00| 0 hin d
020 _a9788170163366 (hbk)
_c150
024 _a263,980
037 _b143, 30/08/2012, Eastern Book Linkers
_cTextual
040 _aARTS
_cARTS
_bhin
041 _2hin
_ahin
082 _aO152,3N444x, Q0
100 _aमुद्गल, चित्रा
_9159906
245 0 _aजिनावर
246 _aJināvara
260 _aनयी दिल्ली
_b किताबघर प्रकाशन
_c2010
300 _a118पृ.
_ccm.
650 _a हिन्दी साहित्य
_9156264
650 _aहिन्दी कहानी
942 _hO152,3N444x, Q0
_cTEXL
_2CC
999 _c297182
_d297182